রবীন্দ্র সমীক্ষণ / (Record no. 38271)
[ view plain ]
| 000 -LEADER | |
|---|---|
| fixed length control field | 01052nam a2200217 a 4500 |
| 001 - CONTROL NUMBER | |
| control field | 38271 |
| 003 - CONTROL NUMBER IDENTIFIER | |
| rucl marc code | BD-RjUL |
| 005 - DATE AND TIME OF LATEST TRANSACTION | |
| control field | 20211209052748.0 |
| 008 - FIXED-LENGTH DATA ELEMENTS--GENERAL INFORMATION | |
| fixed length control field | 151026s1972 ii a|||| |||| 00| 0 ben d |
| 035 ## - SYSTEM CONTROL NUMBER | |
| System control number | (BD-RjUL)38376 |
| 040 ## - CATALOGING SOURCE | |
| Original cataloging agency | BD-RjUL |
| Language of cataloging | eng |
| Transcribing agency | BD-RjUL |
| Modifying agency | BD-RjUL |
| 041 ## - LANGUAGE CODE | |
| Language code of text/sound track or separate title | eng |
| 082 ## - DEWEY DECIMAL CLASSIFICATION NUMBER | |
| Edition number | 23 |
| Classification number | 891.441409 |
| Author mark and year | RAB 1972 |
| 245 ## - TITLE STATEMENT | |
| Title | রবীন্দ্র সমীক্ষণ / |
| Statement of responsibility, etc. | রবীন্দ্র পরিষদ |
| 260 ## - PUBLICATION, DISTRIBUTION, ETC. (IMPRINT) | |
| Place of publication, distribution, etc. | গ্রন্থালয় প্রাইভেট লিমিটেড, কলিকাতা-১২ : |
| Name of publisher, distributor, etc. | রবীন্দ্র পরিষদ, পাটনা, |
| Date of publication, distribution, etc. | ১৯৭২ |
| 300 ## - PHYSICAL DESCRIPTION | |
| Pagination | ২৩৬ পৃ. : |
| Illustrations | চিত্র ; |
| Size | ২২ সেমি. |
| 600 ## - SUBJECT ADDED ENTRY--PERSONAL NAME | |
| Personal name | ঠাকুর, রবীন্দ্রনাথ |
| Dates associated with a name | ১৮৬১-১৯৪১ |
| General subdivision | সমালোচনা ও ব্যাখ্যা |
| Personal name | Tagore, Rabindranath |
| Dates associated with a name | 1861-1941 |
| General subdivision | Criticism and interpretation. |
| 710 ## - ADDED ENTRY--CORPORATE NAME | |
| Corporate name or jurisdiction name as entry element | রবীন্দ্র পরিষদ, পাটনা |
| 9 (RLIN) | 118311 |
| 942 ## - ADDED ENTRY ELEMENTS (KOHA) | |
| Source of classification or shelving scheme | Dewey Decimal Classification |
| Koha item type | Books |
| Lost status | Source of classification or shelving scheme | Damaged status | Not for loan | Collection code | Permanent Location | Current Location | Shelving location | Date acquired | Source of acquisition | Total Checkouts | Full call number | Date last seen | Date checked out | Copy number | Koha item type | Cost, normal purchase price |
|---|---|---|---|---|---|---|---|---|---|---|---|---|---|---|---|---|
| Dewey Decimal Classification | Fiction | Central Library, University of Rajshahi | Central Library, University of Rajshahi | 30/08/1973 | Presented by India Govt. | 2 | B 891.441409 RAB 1972 | 15/10/2017 | 05/10/2017 | C-2 | Books | |||||
| Dewey Decimal Classification | Not For Loan | Non-fiction | Central Library, University of Rajshahi | Central Library, University of Rajshahi | Reading Room | 30/06/1981 | আলীগড় লাইব্রেরী, রাজশাহী | B 891.441409 RAB 1972 | 29/11/2015 | C-1 | Books | 30.00 |